00529nam a22001697a 450000500170000002000260001703500130004303700210005608200120007710000190008924500670010825000120017526000350018727000870022230000280030970000220033720170810144328.0 a9788170949763c399.00 aB-666105 adplbPragati/Ven a336.242 aShanbhag, A.N. aTaxpayer to taxsaver:cby A N. Shanbhag [and] Sandeep Shanbhag a24th ed aNew DelhibVision Books c2016 a24 Feroze Gandhi Road, Lajpat Nagar-3bNew Delhi e110024k+91-1129840821/22l-m- a248p.:bill.c22cm(pbk) aShanbhag, Sandeep